Normal view
MARC view
- Supervisor Dr. Sajid Gul Khawaja
Entry Personal Name
001 - CONTROL NUMBER
- control field: 69853
003 - CONTROL NUMBER IDENTIFIER
- control field: NUST
005 - DATE AND TIME OF LATEST TRANSACTION
- control field: 20210628204316.0
008 - FIXED-LENGTH DATA ELEMENTS
- fixed length control field: 210628|| aca||aabn | a|a d
040 ## - CATALOGING SOURCE
- Original cataloging agency: NUST
- Transcribing agency: NUST
100 ## - HEADING--PERSONAL NAME
- Personal name: Supervisor Dr. Sajid Gul Khawaja
670 ## - SOURCE DATA FOUND
- Source citation: Work cat.: (NUST): Asad Mansoor KHAN 69851, TH-SOF-1633-Photometric LSST Astronomical Time-series Classification (PLAsTiC) Using Gradient Boosting Techniques, 2019
